Vincitori della Coppa Italia - morte improvvisa - Statistics

Statistiche generali
  • Questo quiz è stato fatto 113 volte
  • Il punteggio medio è 12 su 15
Answers on the Grid
Answers color-coded by a green-red scale on the quiz's grid according to % correct below.
Milan
Como
Inter Milano
Napoli
Monza
Bologna
Juventus Torino
Spezia
Sampdoria
Lecce
Sassuolo Calcio
Roma
Cremonese
Lazio
Fiorentina
Palermo
Parma
Benevento Calcio
Salernitana
Torino
Atalanta
Venezia
Hellas Verona
Vicenza Calcio
Genoa
 
Statistiche sulle risposte
Risposta % Corretto
Inter Milano
100%
Milan
100%
Juventus Torino
97%
Lazio
91%
Bologna
88%
Napoli
88%
Roma
88%
Fiorentina
85%
Torino
76%
Parma
71%
Genoa
65%
Sampdoria
65%
Atalanta
53%
Vicenza Calcio
53%
Venezia
32%
Nessun quiz corrispondente trovato
Distribuzione punteggi
Percentuale di utenti per punteggio
Percentile per numero di risposta
I tuoi punteggi nel tempo
Non hai fatto questo quiz